000 00811nam a2200241 a 4500
001 52795
003 BD-RjUL
005 20211209075848.0
008 161002s1938 nyua 000 0 eng
035 _a(BD-RjUL)52915
040 _aDLC/ICU
_cICU
_dDLC
_dBD-RjUL
_beng
041 _aeng
082 0 0 _a341
_223
_bBRI 1938
245 1 0 _aThe British year book of international law 1938 :
_bNineteenth year of issue /
246 _aBritish yearbook of international law
260 _aLondon :
_bHodder and Stoughton,
_c1938
300 _avi, 314 p. ;
_c25 cm.
504 _aIncludes Index and Bibliography
650 0 _aInternational law
_vPeriodicals.
_9157884
710 _aRoyal Institute of International Affairs.
_9158370
710 _aBritish Institute of International Affairs.
_9140423
942 _2ddc
_cBK
999 _c52795
_d52795